Reclaiming the Dead Sea Scrolls : (Record no. 606887)

MARC details
000 -LEADER
fixed length control field 00524nam a2200193 a 4500
008 - FIXED-LENGTH DATA ELEMENTS--GENERAL INFORMATION
fixed length control field 260103s1995##################000#0#eng##
020 ## - INTERNATIONAL STANDARD BOOK NUMBER
ISBN 9780300140224
082 04 - DEWEY DECIMAL CLASSIFICATION NUMBER
Classification number 296.155
Item number SCH
100 1# - MAIN ENTRY--AUTHOR NAME
Personal name Schiffman, Lawrence H.,
245 10 - TITLE STATEMENT
Title Reclaiming the Dead Sea Scrolls :
260 ## - PUBLICATION, DISTRIBUTION, ETC. (IMPRINT)
Name of publisher Anchor Bible Reference Library,
Year of publication 1995.
300 ## - PHYSICAL DESCRIPTION
Number of Pages 529 pages
650 #0 - SUBJECT ADDED ENTRY--TOPICAL TERM
Topical Term Religion.
942 ## - ADDED ENTRY ELEMENTS (KOHA)
Koha item type English Books
Holdings
Withdrawn status Lost status Damaged status Not for loan Home library Current library Shelving location Date acquired Full call number Accession Number Price effective from Koha item type
        Anna Centenary Library Anna Centenary Library 3RD FLOOR, B WING 03.01.2026 296.155 SCH 123093 03.01.2026 English Books

Find us on the map